[Event "Nord 4- Werl"]
[Site "?"]
[Date "2023.10.29"]
[Round "3.5"]
[White "Hering, Christian"]
[Black "Roth, Christian"]
[Result "1/2-1/2"]
[WhiteElo "1595"]
[BlackElo "1678"]
[PlyCount "52"]
[SourceDate "2023.11.07"]

1. e4 e5 2. Nf3 Nc6 3. Bb5 Bc5 4. O-O Nge7 5. c3 a6 6. Ba4 d6 7. h3 Bd7 8. d4
exd4 9. cxd4 Ba7 10. Nc3 Na5 11. Ng5 Bxa4 12. Qxa4+ c6 13. Rd1 b5 14. Qc2 h6
15. Nf3 Nb7 16. b4 O-O 17. Be3 f5 18. Ne2 fxe4 19. Qxe4 Nd5 20. Bxh6 gxh6 21.
Qg6+ Kh8 22. Qxh6+ Kg8 23. Qg6+ Kh8 24. Ng5 Qe7 25. Qh6+ Kg8 26. Qg6+ Kh8
1/2-1/2

[Event "Nord 4- Werl"]
[Site "?"]
[Date "2023.10.29"]
[Round "3.6"]
[White "Lehmkau, Steffen"]
[Black "Jenke, Johannes"]
[Result "0-1"]
[WhiteElo "1643"]
[BlackElo "1599"]
[PlyCount "76"]
[SourceDate "2023.11.07"]

1. d4 Nf6 2. c4 e6 3. Nf3 d5 4. Nc3 Be7 5. Bf4 Nh5 6. Bd2 O-O 7. e4 dxe4 8.
Nxe4 Nc6 9. Bc3 Nf6 10. Bd3 Nxe4 11. Bxe4 Bb4 12. Bxb4 Nxb4 13. O-O f6 14. Qa4
a5 15. a3 Bd7 16. Qd1 Nc6 17. Re1 Ne7 18. Rc1 c6 19. Bb1 Re8 20. Qd3 g6 21. h4
h5 22. Qd2 Kg7 23. Qf4 Nf5 24. g4 hxg4 25. Qxg4 Rh8 26. Bxf5 exf5 27. Qg3 Be8
28. Re2 b6 29. Rce1 Ra7 30. Qf4 Bf7 31. Rc1 Re7 32. Rxe7 Qxe7 33. Re1 Qd7 34.
Qc1 Qd6 35. Kg2 Rh5 36. Kg1 b5 37. b3 a4 38. bxa4 bxc4 0-1

[Event "Nord 4- Werl"]
[Site "?"]
[Date "2023.10.29"]
[Round "3.7"]
[White "Stute, Benedikt"]
[Black "Vavro, Maximilian"]
[Result "0-1"]
[WhiteElo "1544"]
[BlackElo "1763"]
[PlyCount "84"]
[SourceDate "2023.11.07"]

1. e4 c6 2. d4 d5 3. f3 Nd7 4. Nc3 e6 5. Bd3 Bb4 6. Nge2 Ne7 7. O-O e5 8. dxe5
Nxe5 9. Bf4 N7g6 10. Bg3 d4 11. Nb1 c5 12. Bb5+ Bd7 13. Bxd7+ Qxd7 14. h3 Nc4
15. Qc1 d3 16. cxd3 Qxd3 17. Nbc3 Ne3 18. Rf2 Rd8 19. Nf4 Nxf4 20. Bxf4 Nc4 21.
Nd5 Ba5 22. b3 Nb6 23. Nc7+ Kd7 24. Qxc5 Bc3 25. Qf5+ Ke7 26. Bg5+ f6 27. Qe6+
Kf8 28. Rd2 Bxd2 29. Bxf6 Be3+ 30. Kh1 Qd6 31. Bxd8 Qxd8 32. Qf5+ Qf6 33. Ne6+
Ke7 34. Qxf6+ gxf6 35. Nc7 a6 36. Re1 Bf4 37. Nd5+ Nxd5 38. exd5+ Kd7 39. Re4
Bd6 40. Rg4 Re8 41. Re4 Re5 42. Rg4 Re1# 0-1

[Event "Nord 4- Werl"]
[Site "?"]
[Date "2023.10.29"]
[Round "3.8"]
[White "Vavro, Mathias"]
[Black "Siebert, Michael"]
[Result "1/2-1/2"]
[WhiteElo "1695"]
[BlackElo "1430"]
[PlyCount "119"]
[SourceDate "2023.11.07"]

1. d4 d5 2. Nf3 Nf6 3. c4 e6 4. Nc3 Be7 5. Bg5 O-O 6. e3 Nbd7 7. Bd3 h6 8. Bh4
dxc4 9. Bxc4 b6 10. O-O Bb7 11. Rc1 c5 12. Qe2 Nd5 13. Bxe7 Nxc3 14. Rxc3 Qxe7
15. Rd1 Rfd8 16. Rcd3 Nf6 17. dxc5 Rxd3 18. Rxd3 Qxc5 19. Rc3 Nd5 20. Rc2 Rc8
21. Bd3 Qf8 22. a3 Rc5 23. Ne5 Qc8 24. Qf3 Nf6 25. Rxc5 bxc5 26. Qd1 Qc7 27.
Nc4 Qc6 28. f3 Qd5 29. Be2 Ba6 30. b3 Bxc4 31. bxc4 Qe5 32. Kf2 Qc7 33. Qa4 Nd7
34. h3 Nb6 35. Qe8+ Kh7 36. Bd3+ g6 37. Qb5 Qd7 38. Ke2 Qxb5 39. cxb5 f5 40. e4
Kg7 41. exf5 gxf5 42. f4 h5 43. Kf3 Kf6 44. g4 fxg4+ 45. hxg4 hxg4+ 46. Kxg4 c4
47. Bc2 c3 48. Kf3 Nc4 49. Ke2 Nxa3 50. Bd3 e5 51. fxe5+ Kxe5 52. Kd1 Kd4 53.
Be2 Kc5 54. Bd3 Nxb5 55. Kc2 a6 56. Bxb5 axb5 57. Kxc3 b4+ 58. Kb2 Kc4 59. Kc2
b3+ 60. Kb1 1/2-1/2

[Event "Nord 4- Werl"]
[Site "?"]
[Date "2023.10.29"]
[Round "3.3"]
[White "Krahn, Reinhard"]
[Black "Cordes, Malte"]
[Result "1-0"]
[WhiteElo "1756"]
[BlackElo "1811"]
[PlyCount "113"]
[SourceDate "2023.11.07"]

1. e4 e6 2. d4 d5 3. Nd2 dxe4 4. Nxe4 Nd7 5. Nf3 Ngf6 6. Nxf6+ Nxf6 7. Bc4 Be7
8. Bg5 O-O 9. Qd3 c5 10. O-O-O Qc7 11. Qe2 a6 12. dxc5 Qxc5 13. Rd4 b5 14. Bd3
Bb7 15. Be3 Qh5 16. h3 Bxf3 17. Qxf3 Qxf3 18. gxf3 Bc5 19. Rh4 Bxe3+ 20. fxe3
Rfd8 21. a4 Rac8 22. Kd2 Kf8 23. axb5 axb5 24. Rb4 Rc5 25. e4 Ne8 26. Ke3 e5
27. Ra1 Nc7 28. Ra5 Rb8 29. c4 Rb6 30. cxb5 Ke7 31. Rc4 Rxc4 32. Bxc4 f6 33.
Kd3 Kd6 34. b4 g5 35. Kc3 h5 36. Kb3 Kd7 37. Ka4 Kc8 38. Bd5 Nxd5 39. exd5 f5
40. Ra8+ Rb8 41. Ra6 Kd7 42. Rf6 g4 43. hxg4 fxg4 44. fxg4 hxg4 45. Rg6 Ra8+
46. Kb3 Rb8 47. Kc4 Rc8+ 48. Kd3 g3 49. b6 e4+ 50. Kd4 Rc2 51. Rxg3 Rb2 52.
Rg7+ Kc8 53. Kc3 Rb1 54. Kc4 Rc1+ 55. Kb5 Rd1 56. b7+ Kb8 57. Kb6 1-0

[Event "Kamen 2- Mengede"]
[Site "?"]
[Date "2023.10.29"]
[Round "3.1"]
[White "Borgschulze, Maik"]
[Black "Zeitz, Max"]
[Result "1/2-1/2"]
[WhiteElo "2081"]
[BlackElo "1792"]
[PlyCount "69"]
[SourceDate "2023.11.07"]

1. d4 Nf6 2. c4 g6 3. Nc3 d5 4. cxd5 Nxd5 5. e4 Nxc3 6. bxc3 Bg7 7. Bc4 c5 8.
Ne2 Nc6 9. Be3 Qa5 10. O-O O-O 11. Qb3 a6 12. a4 cxd4 13. cxd4 Qb4 14. Qxb4
Nxb4 15. Rfc1 Bd7 16. Rab1 a5 17. Bg5 Rfe8 18. Bb5 Bxb5 19. axb5 h6 20. Bd2
Rec8 21. Rxc8+ Rxc8 22. Bxb4 axb4 23. Rxb4 Rc2 24. Kf1 h5 25. h3 Bh6 26. g4 h4
27. d5 Ra2 28. Nd4 Ra1+ 29. Kg2 Ra2 30. Rc4 Rb2 31. Rc7 Be3 32. Nc2 Bf4 33.
Rc8+ Kg7 34. Kf3 Be5 35. g5 1/2-1/2

[Event "Kamen 2- Mengede"]
[Site "?"]
[Date "2023.10.29"]
[Round "3.2"]
[White "Koch, Marcel"]
[Black "Delvos, Thorsten"]
[Result "1/2-1/2"]
[WhiteElo "1892"]
[BlackElo "1994"]
[PlyCount "30"]
[SourceDate "2023.11.07"]

1. d4 Nf6 2. c4 g6 3. Nc3 Bg7 4. e4 d6 5. f3 O-O 6. Be3 e5 7. d5 c6 8. Nge2
cxd5 9. cxd5 Nbd7 10. Qd2 a6 11. g4 h5 12. gxh5 Nxh5 13. Ng3 Nf4 14. O-O-O Qa5
15. Kb1 Nc5 1/2-1/2

[Event "Kamen 2- Mengede"]
[Site "?"]
[Date "2023.10.29"]
[Round "3.3"]
[White "Echargui, Amin"]
[Black "Markert, Dirk"]
[Result "1-0"]
[WhiteElo "1820"]
[BlackElo "1877"]
[Annotator "daniel"]
[PlyCount "109"]
[SourceDate "2023.11.07"]

1. e4 c5 2. Nf3 Nc6 3. d4 cxd4 4. Nxd4 g6 5. c4 Nf6 6. Nc3 d6 7. f3 Nxd4 8.
Qxd4 Bg7 9. Be3 O-O 10. Qd2 Be6 11. Rc1 Qa5 12. Be2 Rfc8 13. b3 a6 $11 14. Na4
Qxd2+ 15. Bxd2 Nd7 16. Be3 Rc6 17. Kf2 f5 18. exf5 Bxf5 19. Rhd1 Rf8 20. Nc3
Nf6 21. Kg1 Rfc8 $11 22. g4 Be6 23. a4 Kf7 24. a5 h6 25. h4 Rh8 26. Na4 h5 27.
g5 Nd7 28. Bd3 Bf5 29. Bxf5 gxf5 30. f4 Rhc8 31. Rd5 e6 32. Rd3 Ke7 33. Rcd1
Nf8 34. Nb6 Rd8 35. Kg2 Nd7 36. Na4 Bf8 37. Bd4 Kf7 38. Re1 Rcc8 39. Bc3 Nc5
40. Nxc5 dxc5 41. Red1 Rxd3 42. Rxd3 Rc7 43. Be5 Re7 44. Rd8 b5 45. Bd6 Rb7 46.
Rxf8+ Kg7 47. Rb8 Rd7 48. Bxc5 Rd2+ 49. Kf1 bxc4 50. bxc4 e5 51. Rb7+ Kg8 52.
fxe5 Rh2 53. e6 Rxh4 54. e7 Kf7 55. g6+ 1-0

[Event "Kamen 2- Mengede"]
[Site "?"]
[Date "2023.10.29"]
[Round "3.4"]
[White "Rotter, Chris"]
[Black "Bork, Sophie"]
[Result "1/2-1/2"]
[WhiteElo "1787"]
[BlackElo "1820"]
[PlyCount "103"]
[SourceDate "2023.11.07"]

1. Nf3 d5 2. d4 c5 3. c3 Nc6 4. g3 Nf6 5. Bg2 e6 6. O-O Bd6 7. Bg5 h6 8. Bxf6
Qxf6 9. a4 cxd4 10. Nxd4 Nxd4 11. Qxd4 Qxd4 12. cxd4 Bd7 13. Nc3 Rc8 14. Rfc1
O-O 15. e4 dxe4 16. Nxe4 Be7 17. Nc5 Bxc5 18. dxc5 Bc6 19. Bxc6 Rxc6 20. b4
Rfc8 21. Rd1 a5 22. Rd7 R8c7 23. Rxc7 Rxc7 24. Rb1 axb4 25. Rxb4 Rxc5 26. Rxb7
Rc1+ 27. Kg2 Ra1 28. Ra7 g6 29. h4 Kg7 30. a5 Ra3 31. a6 Kf6 32. g4 Ra4 33. f3
Kg7 34. Kg3 Kf6 35. Ra8 Kg7 36. a7 Kh7 37. Kf2 Kg7 38. Ke3 Kh7 39. f4 Kg7 40.
g5 hxg5 41. hxg5 Kh7 42. Kd3 Kg7 43. Kc3 Ra5 44. Kb4 Ra1 45. Kc5 Rc1+ 46. Kd6
Rd1+ 47. Ke7 Ra1 48. Kd7 Rd1+ 49. Kc6 Rc1+ 50. Kd6 Rd1+ 51. Kc5 Rc1+ 52. Kb4
1/2-1/2

[Event "Kamen 2- Mengede"]
[Site "?"]
[Date "2023.10.29"]
[Round "3.5"]
[White "Kraus, Reinhard"]
[Black "Riemer, Dominik"]
[Result "0-1"]
[WhiteElo "1805"]
[BlackElo "1751"]
[PlyCount "52"]
[SourceDate "2023.11.07"]

1. e4 c5 2. Nf3 Nc6 3. d4 cxd4 4. Nxd4 Nf6 5. Nc3 e5 6. Ndb5 d6 7. Bg5 a6 8.
Bxf6 gxf6 9. Na3 b5 10. Nd5 f5 11. Bd3 Be6 12. Qh5 Rg8 13. g3 Rg5 14. Qxh7 Nd4
15. c3 Nf3+ 16. Ke2 Bxd5 17. exd5 e4 18. Bc2 Qf6 19. Qh3 b4 20. Nb1 bxc3 21.
Nxc3 Qd4 22. Rhd1 Qc4+ 23. Bd3 Nd4+ 24. Ke3 exd3 25. Rac1 Kd7 26. Ne4 Nc2+ 0-1

[Event "Kamen 2- Mengede"]
[Site "?"]
[Date "2023.10.29"]
[Round "3.6"]
[White "Bals, Thabo"]
[Black "Weinert, Christian"]
[Result "1/2-1/2"]
[WhiteElo "1575"]
[BlackElo "1894"]
[PlyCount "93"]
[SourceDate "2023.11.07"]

1. e4 c5 2. a3 Nc6 3. b4 b6 4. Nf3 e6 5. b5 Nd4 6. Nxd4 cxd4 7. d3 Qc7 8. g3
Bb7 9. Bg2 Be7 10. O-O Nf6 11. Nd2 h5 12. Nf3 e5 13. Bg5 a6 14. a4 axb5 15.
axb5 Rxa1 16. Qxa1 O-O 17. Rc1 Ra8 18. Qb1 Ra4 19. Bd2 d5 20. exd5 Nxd5 21. Ne1
Nc3 22. Bxc3 Bxg2 23. Kxg2 dxc3 24. Qb3 Rb4 25. Qd5 Qd6 26. Qc6 Qxc6+ 27. bxc6
Ra4 28. Rb1 Bc5 29. Rb3 Ra8 30. Rxc3 Bb4 31. Rb3 Bxe1 32. Rxb6 Rc8 33. Rb5 Rxc6
34. Rxe5 Bb4 35. Re2 Re6 36. Rxe6 fxe6 37. f4 Kf7 38. Kf3 Ke7 39. h3 Kd6 40.
Ke4 Be1 41. g4 h4 42. d4 Ba5 43. c4 Bc7 44. Ke3 Ke7 45. Ke4 Kf6 46. f5 exf5+
47. gxf5 1/2-1/2

[Event "Kamen 2- Mengede"]
[Site "?"]
[Date "2023.10.29"]
[Round "3.7"]
[White "Ropel, Dennis"]
[Black "Wiese, Thomas"]
[Result "1/2-1/2"]
[WhiteElo "1773"]
[BlackElo "1774"]
[Annotator "daniel"]
[PlyCount "117"]
[SourceDate "2023.11.07"]

1. d4 d5 2. Nf3 Nf6 3. Bf4 Bf5 4. e3 c6 5. Bd3 Qc8 6. O-O g6 7. c3 Bg7 8. Re1
O-O 9. Qc2 Bxd3 10. Qxd3 h6 11. Nbd2 Nh5 12. Be5 Qe6 13. e4 Bxe5 14. Nxe5 Nf4
15. Qg3 Nh5 16. Qe3 Kg7 17. exd5 cxd5 18. Qf3 Qd6 19. c4 Nf6 20. c5 Qc7 21. b4
Nc6 22. Nxc6 bxc6 23. a4 Rab8 24. Rab1 Qd7 25. Qe2 Rfe8 26. b5 Qc7 27. bxc6
Qxc6 28. a5 Rxb1 29. Nxb1 e5 30. dxe5 Ne4 31. Qe3 Qxc5 32. Qxc5 Nxc5 33. Nc3
$11 Nd3 34. Re3 d4 35. Rxd3 dxc3 36. Rxc3 Rxe5 37. g3 Rxa5 38. Rc7 g5 39. Kg2
g4 40. h3 h5 41. hxg4 hxg4 42. Rc4 Rg5 43. Ra4 a5 44. f4 gxf3+ 45. Kxf3 Rb5 46.
g4 Kg6 47. Kg3 Kg5 48. Ra3 f6 49. Kf3 Rc5 50. Kg3 f5 51. gxf5 Kxf5 52. Kf3 Ke5
53. Ke3 Kd5 54. Kd3 Rb5 55. Kc3 Kc5 56. Rb3 Rb4 57. Rxb4 axb4+ 58. Kb3 Kb5 59.
Kb2 1/2-1/2

[Event "Kamen 2- Mengede"]
[Site "?"]
[Date "2023.10.29"]
[Round "3.8"]
[White "Puettmann, Luca"]
[Black "Wiktor, Reinhard"]
[Result "0-1"]
[WhiteElo "1534"]
[BlackElo "1789"]
[PlyCount "96"]
[SourceDate "2023.11.07"]

1. e3 g6 2. c4 Bg7 3. d4 Nf6 4. Nc3 d6 5. Nf3 O-O 6. Be2 Nbd7 7. O-O c5 8. b3
b6 9. Bb2 Re8 10. Qc2 Bb7 11. d5 a6 12. e4 Qc7 13. Rfe1 e5 14. Nd2 Bh6 15. Nf1
Nf8 16. Bc1 Bg7 17. Ne3 Bc8 18. Qd1 Rb8 19. Ng4 Nxg4 20. Bxg4 f5 21. exf5 gxf5
22. Bh5 Ng6 23. Bg5 Rb7 24. Rc1 Rf8 25. Qd3 Qf7 26. Qd2 Re8 27. Bh6 Qf6 28. Bg5
Qf7 29. Bh6 Bf6 30. Re2 Kh8 31. Rce1 Rg8 32. f3 Qe7 33. Nd1 Nh4 34. Nb2 Bg5 35.
Bxg5 Qxg5 36. Qxg5 Rxg5 37. Be8 Nxf3+ 38. Kf2 Nxe1 39. Kxe1 Rbg7 40. g3 f4 41.
gxf4 exf4 42. Na4 Rg1+ 43. Kd2 Bg4 44. Rf2 Re7 45. Bc6 f3 46. Nc3 Rg2 47. Nd1
Rxf2+ 48. Nxf2 Re2+ 0-1

[Event "Günnigfeld- Eichlinghofen 2"]
[Site "?"]
[Date "2023.10.29"]
[Round "3.1"]
[White "Zachos, Ingo"]
[Black "Freisen, Thomas"]
[Result "1-0"]
[WhiteElo "2004"]
[BlackElo "1960"]
[PlyCount "61"]
[SourceDate "2023.11.07"]

1. Nf3 Nf6 2. c4 g6 3. g3 Bg7 4. Bg2 O-O 5. O-O c5 6. Nc3 d5 7. cxd5 Nxd5 8.
Nxd5 Qxd5 9. d3 Nc6 10. a3 Qd7 11. Rb1 Rd8 12. Be3 Nd4 13. Nxd4 cxd4 14. Bd2
Qb5 15. a4 Qb6 16. b4 a6 17. Rc1 e5 18. a5 Qd6 19. Rc5 Ra7 20. Qc2 Be6 21. Rc1
Qb8 22. f4 f6 23. fxe5 fxe5 24. Bg5 Re8 25. Qa4 h6 26. Bd2 Rd8 27. b5 axb5 28.
Qxb5 Bd7 29. Qb3+ Kh7 30. Rc7 Bc6 31. Qf7 1-0

[Event "Günnigfeld- Eichlinghofen 2"]
[Site "?"]
[Date "2023.10.29"]
[Round "3.2"]
[White "Jaennekes, Oliver"]
[Black "Horenburg, Oliver"]
[Result "0-1"]
[WhiteElo "1927"]
[BlackElo "1827"]
[PlyCount "44"]
[SourceDate "2023.11.07"]

1. e4 e5 2. Nf3 Nf6 3. Nc3 Bb4 4. Bc4 d6 5. d3 h6 6. h3 O-O 7. Be3 d5 8. exd5
Nxd5 9. Bd2 Bxc3 10. bxc3 c6 11. O-O Qf6 12. Re1 Nd7 13. a4 Re8 14. Qc1 N7b6
15. Bb3 Bxh3 16. Nxe5 Rxe5 17. Rxe5 Qxe5 18. gxh3 Nxc3 19. Bxc3 Qxc3 20. a5 Nd7
21. Rb1 Qxa5 22. Qf4 Qg5+ 0-1

[Event "Günnigfeld- Eichlinghofen 2"]
[Site "?"]
[Date "2023.10.29"]
[Round "3.3"]
[White "Behle, Burkhard"]
[Black "Markus, Peter"]
[Result "1/2-1/2"]
[WhiteElo "1824"]
[BlackElo "1863"]
[Annotator "daniel"]
[PlyCount "83"]
[SourceDate "2023.11.07"]

1. d4 d5 2. c4 c6 3. cxd5 cxd5 4. Nc3 Nc6 5. Nf3 Nf6 6. Bf4 e6 7. e3 Bd6 8. Ne5
Bxe5 9. dxe5 Nd7 10. Bb5 O-O 11. Bxc6 bxc6 12. O-O Ba6 13. Re1 Qb6 14. Na4 Qa5
15. e4 f5 16. exd5 cxd5 17. Bd2 Qb5 18. a3 Rab8 19. Bb4 Rfc8 20. Nc3 Qd3 21.
Qxd3 $11 Bxd3 22. Rad1 Bc4 23. Rd2 Rb6 24. f4 Rbc6 25. Kf2 Nb6 26. Ba5 Rb8 27.
Rb1 Ba6 28. Bxb6 Rbxb6 29. Ne2 Bxe2 30. Kxe2 Rb3 31. Kd1 Rc4 32. g3 Rb6 33. Rc1
Rbc6 34. Rxc4 Rxc4 35. Rc2 Rxc2 36. Kxc2 Kf7 37. Kc3 Ke7 38. Kd4 Kd7 39. Kc5
Kc7 40. b4 a6 41. a4 Kb7 42. Kd4 1/2-1/2

[Event "Günnigfeld- Eichlinghofen 2"]
[Site "?"]
[Date "2023.10.29"]
[Round "3.4"]
[White "Radi, Guenter"]
[Black "Dekhtyaryuk, Dimitri"]
[Result "1-0"]
[WhiteElo "1832"]
[BlackElo "1813"]
[PlyCount "89"]
[SourceDate "2023.11.07"]

1. d4 Nf6 2. Nf3 c5 3. e3 cxd4 4. exd4 d5 5. Bd3 Nc6 6. c3 Bg4 7. O-O e6 8.
Nbd2 Bd6 9. h3 Bh5 10. Re1 O-O 11. Qc2 Rc8 12. Qb1 a6 13. Ne5 Qe7 14. Ndf3 Bxf3
15. Nxf3 h6 16. Bd2 e5 17. dxe5 Nxe5 18. Nxe5 Bxe5 19. Be3 Rfd8 20. Bf5 Rb8 21.
Rd1 b5 22. a3 a5 23. Bd4 b4 24. axb4 axb4 25. Ra7 Qd6 26. Qc2 Bxd4 27. Rxd4 Qc5
28. Ra6 bxc3 29. bxc3 Qb5 30. Rxf6 gxf6 31. Qd2 Kf8 32. Qxh6+ Ke7 33. Qf4 Qc6
34. Rd3 Rd6 35. Qe3+ Kd8 36. Rd1 Rb3 37. Re1 Rb7 38. Qh6 Kc7 39. Qf8 Kb6 40.
Qa8 Qc7 41. Rb1+ Kc6 42. Bc8 Rd8 43. Bxb7+ Kd7 44. Qa4+ Kd6 45. Qf4+ 1-0

[Event "Günnigfeld- Eichlinghofen 2"]
[Site "?"]
[Date "2023.10.29"]
[Round "3.5"]
[White "Milkert, Sascha"]
[Black "Funke, Eckhard"]
[Result "1-0"]
[WhiteElo "1753"]
[BlackElo "1817"]
[PlyCount "61"]
[SourceDate "2023.11.07"]

1. d4 d5 2. Bf4 Nf6 3. e3 Bf5 4. Nf3 e6 5. Bd3 Bxd3 6. Qxd3 c6 7. Nbd2 h6 8.
Ne5 Nh5 9. Ndf3 Nxf4 10. exf4 Qa5+ 11. c3 Qa6 12. Qe3 Nd7 13. f5 Nxe5 14. Nxe5
Bd6 15. Nxf7 Kxf7 16. Qxe6+ Kf8 17. Qxd6+ Kg8 18. Kd2 Qb6 19. Kc2 Qd8 20. Qe6+
Kf8 21. Rae1 Qf6 22. Qxf6+ gxf6 23. Re6 Kf7 24. Rhe1 Rhg8 25. g3 Rg5 26. Re7+
Kf8 27. Rxb7 Rxf5 28. f4 Re8 29. Rxe8+ Kxe8 30. Rxa7 h5 31. h4 1-0

[Event "Günnigfeld- Eichlinghofen 2"]
[Site "?"]
[Date "2023.10.29"]
[Round "3.6"]
[White "Oberbarnscheidt, Ludger"]
[Black "Guddat, Joern"]
[Result "1-0"]
[WhiteElo "1957"]
[BlackElo "1697"]
[PlyCount "55"]
[SourceDate "2023.11.07"]

1. Nf3 d5 2. c4 e6 3. g3 c5 4. cxd5 exd5 5. d4 Nc6 6. Bg2 Nf6 7. O-O Be7 8. Nc3
O-O 9. Bg5 c4 10. Ne5 Be6 11. f4 Ng4 12. Bxe7 Nxe7 13. Qd2 Nxe5 14. fxe5 Qd7
15. a4 a6 16. a5 Bh3 17. Bxh3 Qxh3 18. Rf4 Rac8 19. Raf1 Rc6 20. e4 Qe6 21. Qg2
dxe4 22. Qxe4 Qg6 23. Qf3 f6 24. d5 Rc5 25. exf6 Rxf6 26. Qe3 Rxf4 27. Rxf4 Qd6
28. Ne4 1-0

[Event "Günnigfeld- Eichlinghofen 2"]
[Site "?"]
[Date "2023.10.29"]
[Round "3.7"]
[White "Buechle, Manfred"]
[Black "Bauer, Matthias"]
[Result "0-1"]
[WhiteElo "1695"]
[BlackElo "1649"]
[Annotator "daniel"]
[PlyCount "89"]
[SourceDate "2023.11.07"]

1. e4 c6 2. d4 d5 3. exd5 cxd5 4. Bd3 Nf6 5. h3 e6 6. Nf3 Nc6 7. O-O Be7 8. Bf4
O-O 9. c3 Bd6 10. Bg5 Be7 11. Nbd2 Bd7 12. Qc2 h6 13. Bh4 Ne8 14. Bg3 Bd6 15.
Ne5 Nxe5 16. dxe5 Be7 17. f4 Bc5+ 18. Kh1 Nc7 19. Rac1 b5 20. Nb3 Na6 21. Qe2
Qb6 22. Nxc5 Qxc5 23. Bf2 Qc6 24. a4 Nc7 25. axb5 Qb7 26. c4 dxc4 27. Be4 Nd5
28. Qxc4 Qxb5 29. Qxb5 Bxb5 30. Rfd1 Rfd8 31. Rc5 a6 32. Bxd5 Rxd5 33. Rdxd5
exd5 34. Rxd5 Rc8 $11 35. Rd2 Kf8 36. Kh2 Ke7 37. b4 g6 38. Bc5+ Ke6 39. g4 Rc6
40. Kg3 f6 41. exf6 Kxf6 42. h4 Re6 43. Rd8 Re8 44. Rd6+ Kf7 45. Rd7+ 0-1

[Event "Günnigfeld- Eichlinghofen 2"]
[Site "?"]
[Date "2023.10.29"]
[Round "3.8"]
[White "Mueller, Hans- Dieter"]
[Black "Lenz, Helmut"]
[Result "0-1"]
[WhiteElo "1738"]
[BlackElo "1965"]
[PlyCount "84"]
[SourceDate "2023.11.07"]

1. Nf3 e6 2. c4 f5 3. b3 Nf6 4. Bb2 d5 5. e3 Bd6 6. Nc3 O-O 7. Nb5 Be7 8. Rc1
a6 9. Nc3 Nc6 10. Ne2 dxc4 11. Rxc4 Nb4 12. Nc3 b5 13. Rd4 Qe8 14. a3 c5 15.
Rh4 Nbd5 16. Nxd5 exd5 17. d3 Nh5 18. Be2 Bxh4 19. Nxh4 Nf6 20. Qc2 Qe7 21. O-O
Be6 22. Nf3 Rac8 23. Qb1 Bf7 24. Re1 Rfe8 25. Nh4 Be6 26. Nf3 Nd7 27. Ba1 Bf7
28. Qb2 Bh5 29. Nh4 Bg6 30. g3 Nf6 31. h3 Qd7 32. Kh2 Rc6 33. Ng2 Bh5 34. f3 d4
35. g4 Qc7+ 36. Kh1 fxg4 37. hxg4 Bf7 38. Bd1 Qg3 39. Qe2 dxe3 40. Bc3 Nd5 41.
Bb2 Rh6+ 42. Kg1 Qh2+ 0-1

[Event "Listiger Bauer- Gladbeck"]
[Site "?"]
[Date "2023.10.29"]
[Round "3.1"]
[White "Hassenrueck, Helmut"]
[Black "Kunisch, Siegfried"]
[Result "1-0"]
[WhiteElo "2123"]
[BlackElo "2070"]
[PlyCount "89"]
[SourceDate "2023.11.07"]

1. d4 Nf6 2. Nf3 c5 3. d5 g6 4. Nc3 d6 5. e4 Bg7 6. Bb5+ Nbd7 7. a4 O-O 8. O-O
Qc7 9. Re1 Ng4 10. h3 Nge5 11. Nh2 c4 12. f4 a6 13. Bxd7 Nxd7 14. Nf3 Rb8 15.
Be3 b5 16. axb5 axb5 17. Ra7 Rb7 18. Nxb5 Qb8 19. Rxb7 Bxb7 20. Ba7 Qa8 21. Bd4
Bh6 22. Ng5 Bxg5 23. fxg5 Ne5 24. Qa1 Qd8 25. Qa4 Qd7 26. Nc3 Qc8 27. Qb4 f6
28. gxf6 Nf3+ 29. gxf3 Qxh3 30. Ne2 Qxf3 31. Qxb7 Qg4+ 32. Kf2 Qxe4 33. Bc3
Qf5+ 34. Ke3 exf6 35. Qe7 Qxd5 36. Nf4 Qg5 37. Kf3 Qf5 38. Qe6+ Qxe6 39. Nxe6
Rf7 40. Rd1 h5 41. Rxd6 h4 42. Kg4 g5 43. Rd8+ Kh7 44. Kh5 f5 45. Rh8# 1-0

[Event "Listiger Bauer- Gladbeck"]
[Site "?"]
[Date "2023.10.29"]
[Round "3.2"]
[White "Mandl, Stefan"]
[Black "Frohne, Gerd"]
[Result "1/2-1/2"]
[WhiteElo "1980"]
[BlackElo "2008"]
[PlyCount "76"]
[SourceDate "2023.11.07"]

1. e4 e6 2. d3 d5 3. Nd2 Nf6 4. Ngf3 Be7 5. g3 O-O 6. Bg2 c5 7. O-O Nc6 8. Re1
b5 9. e5 Nd7 10. Nf1 a5 11. h4 a4 12. N1h2 b4 13. a3 Nb6 14. Ng5 Qe8 15. Qh5
Bxg5 16. hxg5 f5 17. Qxe8 Rxe8 18. Nf3 Ba6 19. Be3 d4 20. Bf4 Rac8 21. Rec1
Red8 22. Bf1 Ne7 23. Nd2 Ned5 24. Nc4 Bxc4 25. dxc4 Nxf4 26. gxf4 d3 27. cxd3
Rd4 28. Kg2 Rxf4 29. Be2 b3 30. Kg3 Rd4 31. f4 Nd7 32. Kf3 Nf8 33. Ke3 Ng6 34.
Rf1 Rcd8 35. Rad1 Nh4 36. Rf2 Ng6 37. Rff1 Nh4 38. Rf2 Ng6 1/2-1/2

[Event "Listiger Bauer- Gladbeck"]
[Site "?"]
[Date "2023.10.29"]
[Round "3.3"]
[White "Berg, Dietmar"]
[Black "Ball, Joerg"]
[Result "1/2-1/2"]
[WhiteElo "1943"]
[BlackElo "1920"]
[PlyCount "40"]
[SourceDate "2023.11.07"]

1. d4 f5 2. g3 Nf6 3. Bg2 g6 4. b3 Bg7 5. Bb2 O-O 6. Nd2 c6 7. Nh3 b6 8. O-O
Bb7 9. c4 d6 10. Ng5 Qd7 11. Qc2 Na6 12. a3 d5 13. Bh3 h6 14. Ngf3 e6 15. Ne5
Qe8 16. Bg2 Nd7 17. Ndf3 Nxe5 18. Nxe5 Rc8 19. Qd2 Kh7 20. Nd3 g5 1/2-1/2

[Event "Listiger Bauer- Gladbeck"]
[Site "?"]
[Date "2023.10.29"]
[Round "3.4"]
[White "Wagner, Ole"]
[Black "Kruse, Peter"]
[Result "1/2-1/2"]
[WhiteElo "1872"]
[BlackElo "1913"]
[PlyCount "32"]
[SourceDate "2023.11.07"]

1. Nf3 Nf6 2. d4 d5 3. Bf4 c5 4. e3 Nc6 5. c3 e6 6. Nbd2 Bd6 7. Ne5 Qc7 8. Ndf3
O-O 9. Bd3 c4 10. Bc2 b5 11. Nxc6 Qxc6 12. Ne5 Qc7 13. Qf3 Nd7 14. Qh3 f5 15.
Nxd7 Qxd7 16. O-O Bxf4 1/2-1/2

[Event "Listiger Bauer- Gladbeck"]
[Site "?"]
[Date "2023.10.29"]
[Round "3.5"]
[White "Huttny, Georg"]
[Black "Brandhorst, Dieter"]
[Result "1/2-1/2"]
[WhiteElo "1828"]
[BlackElo "1862"]
[PlyCount "88"]
[SourceDate "2023.11.07"]

1. c4 g6 2. g3 e5 3. Bg2 Bg7 4. Nc3 Ne7 5. e4 O-O 6. Nge2 d6 7. O-O Nbc6 8. d3
Bg4 9. h3 Be6 10. Nd5 Qd7 11. Kh2 f5 12. Rb1 a5 13. Be3 Nb4 14. a3 Nbxd5 15.
cxd5 Bf7 16. Rc1 Rab8 17. Qd2 Ra8 18. Bg5 Rfc8 19. Rc2 c5 20. dxc6 Nxc6 21. Be3
Bb3 22. Rc3 a4 23. d4 Qe8 24. d5 Na5 25. Rxc8 Qxc8 26. Rc1 Nc4 27. Qb4 b6 28.
Rc3 Qa6 29. Nc1 f4 30. Bf1 b5 31. Nxb3 axb3 32. Bc1 Qb6 33. Kg2 fxg3 34. Kxg3
Rf8 35. Rf3 Qd4 36. Rxf8+ Bxf8 37. Qxb5 Nd2 38. Bxd2 Qxd2 39. Qxb3 Qf4+ 40. Kg2
Qxe4+ 41. Qf3 Qd4 42. b4 e4 43. Qb3 Be7 44. Qc4 Qe5 1/2-1/2

[Event "Listiger Bauer- Gladbeck"]
[Site "?"]
[Date "2023.10.29"]
[Round "3.6"]
[White "Petri, Norbert"]
[Black "Rickert, Stefan"]
[Result "1/2-1/2"]
[WhiteElo "1803"]
[BlackElo "1903"]
[PlyCount "22"]
[SourceDate "2023.11.07"]

1. c4 d5 2. cxd5 Qxd5 3. Nc3 Qa5 4. g3 e5 5. Bg2 Nf6 6. d3 c6 7. Bd2 Qc7 8. Nf3
Bf5 9. O-O Nbd7 10. a3 Be7 11. Rc1 O-O 1/2-1/2

[Event "Listiger Bauer- Gladbeck"]
[Site "?"]
[Date "2023.10.29"]
[Round "3.7"]
[White "Rickert, Dirk"]
[Black "Reich, Andreas"]
[Result "1/2-1/2"]
[WhiteElo "1800"]
[BlackElo "1777"]
[PlyCount "24"]
[SourceDate "2023.11.07"]

1. d4 d5 2. Nf3 Nf6 3. Bf4 Bf5 4. e3 e6 5. c3 Bd6 6. Bxd6 Qxd6 7. Bd3 Bxd3 8.
Qxd3 Nbd7 9. Nbd2 O-O 10. O-O Rfe8 11. Rfe1 c6 12. Rad1 Rad8 1/2-1/2

[Event "Listiger Bauer- Gladbeck"]
[Site "?"]
[Date "2023.10.29"]
[Round "3.8"]
[White "Nagl, Simon"]
[Black "Busch, Udo"]
[Result "1-0"]
[WhiteElo "1255"]
[BlackElo "1768"]
[PlyCount "65"]
[SourceDate "2023.11.07"]

1. e4 e6 2. d4 d5 3. Nd2 c5 4. Ngf3 Nc6 5. c3 cxd4 6. cxd4 Nf6 7. e5 Nd7 8. Bd3
Be7 9. O-O f6 10. exf6 Bxf6 11. Re1 Nb6 12. Ne5 Bxe5 13. dxe5 Qe7 14. Qh5+ Qf7
15. Qxf7+ Kxf7 16. b3 Bd7 17. Ba3 g6 18. Nf3 Rhc8 19. Re3 Kg7 20. Rae1 h6 21.
g4 Be8 22. g5 h5 23. Bb1 Nd7 24. Rd3 b6 25. Bd6 Kf7 26. Nh4 Ncxe5 27. Rde3 Nc6
28. Rxe6 Kg7 29. Bxg6 Nf8 30. Bxf8+ Kxf8 31. Rf6+ Kg7 32. Nf5+ Kg8 33. Bxe8 1-0